000 00364nam a22001337a 4500
003 SGT
020 _a8126712961
082 _a891.4309
_bE07L
100 _aएलविन, वेरियर
245 _aएक गोंड: गांव में जीवन
260 _bराजकमल प्रकाशन
_c2007
300 _a135
942 _2ddc
_cBK
999 _c31279
_d31279